LIBRARY & INFORMATION CENTRE, KCAET, TAVANUR

ONLINE PUBLIC ACCESS CATALOGUE (OPAC)

Forestry principles and applications / (Record no. 15459)

MARC details
000 -LEADER
fixed length control field 00313nam a22001217a 4500
020 ## - INTERNATIONAL STANDARD BOOK NUMBER
ISBN 9788172338107
082 ## - DEWEY DECIMAL CLASSIFICATION NUMBER
Classification number 634.9
Item number RAJ/FO
100 ## - MAIN ENTRY--AUTHOR NAME
Personal name Raj ,antony joseph.
245 ## - TITLE STATEMENT
Title Forestry principles and applications /
260 ## - PUBLICATION, DISTRIBUTION, ETC. (IMPRINT)
Place of publication Jodhpur ;
Name of publisher Scientific publishers ,
Year of publication 2013 .
300 ## - PHYSICAL DESCRIPTION
Number of Pages 786 p.
942 ## - ADDED ENTRY ELEMENTS (KOHA)
Koha item type Books
Holdings
Withdrawn status Lost status Damaged status Home library Current library Date acquired Source of acquisition Cost, normal purchase price Full call number Accession Number Koha item type
      KAUAET KAUAET 30/03/2013 Aman Book Stall, Calicut 2850.00 634.9 RAJ/FO 24046 Books
free website counter